00809nam a2200229 i 4500001000700000003000900007005001700016007000300033008004100036080001300077100003800090245009100128260004800219300002200267490002500289650003900314710003000353830003300383852002200416999001900438952012200457130138ES-MaACL20231027063023.0t|070719s1963 sp |||| | spa d a83-4"19"1 aZweig, Stefan,d1881-1942911856210aHombres, libros y ciudades / cStefan Zweig ; [traducción de la Editorial Juventud]. aBarcelona : bJuventud, c[1963] (fAtenas) a416 p. ; c24 cm.1 aGrandes biografías 4aEscritores-vBiografías.91360342 aEditorial Juventud.934431 aGrandes biografías91811244 aES-MaACLjC-23961 c130138d130138 00104070aATENEOMbATENEOMcDEPO2d2008-01-17eSCl0oC-23961p1135507r2023-02-23 00:00:00w2023-02-23yMONOGRAFIA